How Did They Die? Click Quiz #4 - Statistics

General Stats
  • This quiz has been taken 47 times
    11 since last reset
  • The average score is 9 of 30
Answer Stats
Hint Answer % Correct
Charles I executed
100%
Richard III battle
80%
Yukio Mishima suicide
80%
Selena assassinated
60%
Chester Bennington suicide
60%
Ayrton Senna vehicle crash
60%
James Dean vehicle crash
60%
Ebrahim Raisi vehicle crash
60%
Mikhail Lermontov battle
40%
Husayn ibn Ali battle
40%
Heinrich Himmler suicide
40%
Uthman assassinated
20%
Grigori Rasputin assassinated
20%
Park Chung Hee assassinated
20%
Caracalla assassinated
20%
Sitting Bull battle
20%
Frederick Barbarossa drowned
20%
Percy Bysshe Shelley drowned
20%
Philip Seymour Hoffman drugs
20%
Patrice Lumumba executed
20%
Anthony Bourdain suicide
20%
Mark Antony suicide
20%
Sebastián Piñera vehicle crash
20%
Alexander II assassinated
0%
Domitian assassinated
0%
Henry IV of France assassinated
0%
Évariste Galois battle
0%
Hudrych Zwingli battle
0%
Erwin Rommel executed
0%
Anacletus executed
0%
No matching quizzes found
Score Distribution
Percent of People with Each Score
Percentile by Number Answered
Your Score History
You have not taken this quiz since the last reset